Armas, municiones, tiro (Record no. 176206)

MARC details
000 -LEADER
campo de control de longitud fija 00819nam a22002295i 4500
001 - NÚMERO DE CONTROL
campo de control 176206
003 - IDENTIFICADOR DE NÚMERO DE CONTROL
campo de control ES-MaACL
005 - FECHA Y HORA DE LA ÚLTIMA TRANSACCIÓN
campo de control 20230906220023.0
008 - DATOS DE LONGITUD FIJA--INFORMACIÓN GENERAL
campo de control de longitud fija 101223s1961 sp a |||| | spa d
080 ## - NÚMERO DE LA CLASIFICACIÓN DECIMAL UNIVERSAL
Número de la Clasificación Decimal Universal 799.2
100 1# - ENTRADA PRINCIPAL--NOMBRE DE PERSONA
Nombre de persona Durán Salas, Raimundo.
9 (RLIN) 144499
245 10 - MENCIÓN DEL TÍTULO
Título Armas, municiones, tiro
Resto del título : (balística venatoria) /
Mención de responsabilidad, etc. por Raimundo Durán Salas y Salvador Pons Gendrau.
260 ## - PUBLICACIÓN, DISTRIBUCIÓN, ETC.
Lugar de publicación, distribución, etc. Barcelona :
Nombre del editor, distribuidor, etc. Sintes,
Fecha de publicación, distribución, etc. D. L. 1961.
300 ## - DESCRIPCIÓN FÍSICA
Extensión 372 p. :
Otras características físicas il. bl. y n. ;
Dimensiones 23 cm.
490 1# - MENCIÓN DE SERIE
Mención de serie Caza deportiva. Enciclopedia práctica del cazador ;
Designación de volumen o secuencia 1
500 ## - NOTA GENERAL
Nota general Con 183 ilustraciones.
650 #4 - PUNTO DE ACCESO ADICIONAL DE MATERIA--TÉRMINO DE MATERIA
Término de materia o nombre geográfico como elemento de entrada Caza.
9 (RLIN) 10857
700 0# - ENTRADA AGREGADA--NOMBRE PERSONAL
Nombre de persona Pons Gendrau, Salvador.
9 (RLIN) 93014
830 0# - PUNTO DE ACCESO ADICIONAL DE SERIE-TÍTULO UNIFORME
Título uniforme Caza deportiva. Enciclopedia práctica del cazador ;
Designación de volumen o secuencia 1
9 (RLIN) 189979
852 ## - LOCALIZACIÓN
Ubicación ES-MaACL
Número de control de estantería E-13879
Encuadernación Olim P-649
Holdings
Estatus retirado Estado de pérdida Estado de daño No para préstamo Biblioteca de origen Biblioteca actual Ubicación en estantería Fecha de adquisición Fuente de adquisición Total de préstamos Signatura topográfica completa Código de barras Visto por última vez Precio de reemplazo Tipo de ítem Koha
        Biblioteca del Ateneo de Madrid Biblioteca del Ateneo de Madrid Depósito 2 23/12/2010     E-13879 1185056 23/02/2023 23/02/2023 Libro impreso